Should You Go There? (According to America) - Statistics

General Stats
  • This quiz has been taken 193 times
  • The average score is 10 of 18
Answer Stats
Question Answer % Correct
Iran Do Not Travel
100%
South Sudan Do Not Travel
100%
New Zealand Safe to Travel
100%
Syria Do Not Travel
88%
Canada Safe to Travel
88%
Japan Safe to Travel
88%
Egypt Exercise Increased Caution
75%
Brazil Exercise Increased Caution
63%
Indonesia Exercise Increased Caution
63%
Honduras Reconsider Travel
63%
Venezuela Do Not Travel
50%
Pakistan Reconsider Travel
50%
Nigeria Reconsider Travel
38%
Morocco Safe to Travel
13%
Thailand Safe to Travel
13%
Germany Exercise Increased Caution
0%
Cuba Exercise Increased Caution
0%
Turkey Reconsider Travel
0%
No matching quizzes found
Score Distribution
Percent of People with Each Score
Percentile by Number Answered
Your Score History
You have not taken this quiz